A TEXT BOOK OF ENERGY SCIENCE & ENGINEERING (Record no. 8126)

MARC details
000 -LEADER
fixed length control field 00443nam a22001697a 4500
005 - DATE AND TIME OF LATEST TRANSACTION
control field 20221219172346.0
008 - FIXED-LENGTH DATA ELEMENTS--GENERAL INFORMATION
fixed length control field 221219b |||||||| |||| 00| 0 eng d
020 ## - INTERNATIONAL STANDARD BOOK NUMBER
ISBN 978-93-5014-743-6
041 ## - LANGUAGE CODE
Language code of text/sound track or separate title eng
082 ## - DEWEY DECIMAL CLASSIFICATION NUMBER
Classification number 621.3-RAT-A
100 ## - MAIN ENTRY--AUTHOR NAME
Personal name RATHOR ,Dr. UMESH
245 ## - TITLE STATEMENT
Title A TEXT BOOK OF ENERGY SCIENCE & ENGINEERING
250 ## - EDITION STATEMENT
Edition statement 1st ed.
260 ## - PUBLICATION, DISTRIBUTION, ETC. (IMPRINT)
Place of publication NEW DELHI
Name of publisher S.K .KATARIA & SONS
Year of publication 2023
300 ## - PHYSICAL DESCRIPTION
Number of Pages 320;P.
942 ## - ADDED ENTRY ELEMENTS (KOHA)
Koha item type Books
Holdings
Lost status Damaged status Collection code Home library Current library Shelving location Date acquired Source of acquisition Cost, normal purchase price Full call number Accession Number Koha item type
    Reference JRU Library JRU Library SHELF-2-B 07/11/2022 DONATED 395.00 621.3-RAT-A 27086 Books